Руководство по применению промыслово-геофизических методов для контроля за разработкой нефтяных месторождений

Dettagli Bibliografici
Enti autori: Всесоюзный научно-исследовательский институт нефтепромысловой геофизики, Всесоюзный научно-исследовательский институт ядерной геофизики и геохимии
Lingua:russo
Pubblicazione: Москва, Недра, 1978
Soggetti:
Natura: MixedMaterials Libro
KOHA link:https://koha.lib.tpu.ru/cgi-bin/koha/opac-detail.pl?biblionumber=105615

MARC

LEADER 00000nam0a2200000 4500
001 105615
005 20231101214624.0
035 |a (RuTPU)RU\TPU\book\113964 
090 |a 105615 
100 |a 20061120d1978 m y0rusy50 ca 
101 0 |a rus 
102 |a RU 
105 |a a z 001zy 
200 1 |a Руководство по применению промыслово-геофизических методов для контроля за разработкой нефтяных месторождений  |f Всесоюзный научно-исследовательский институт нефтепромысловой геофизики; Всесоюзный научно-исследовательский институт ядерной геофизики и геохимии 
210 |a Москва  |c Недра  |d 1978 
215 |a 256 с.  |c ил. 
320 |a Библиогр.: с. 253-254. 
610 1 |a нефтяные скважины 
610 1 |a каротаж 
610 1 |a нефтедобыча 
610 1 |a технический контроль 
675 |a 622.276:550.832  |v 3 
712 0 2 |a Всесоюзный научно-исследовательский институт нефтепромысловой геофизики  |2 stltpush  |3 (RuTPU)RU\TPU\col\11097  |9 24972 
712 0 2 |a Всесоюзный научно-исследовательский институт ядерной геофизики и геохимии  |2 stltpush  |3 (RuTPU)RU\TPU\col\7668 
801 1 |a RU  |b 63413507  |c 20061120  |g PSBO 
801 2 |a RU  |b 63413507  |c 20070605  |g PSBO 
942 |c BK